[Event "GER-ch Net blitz qual4"]
[Site "Playchess.com INT"]
[Date "2020.03.23"]
[Round "7"]
[White "Janzen, Lars"]
[Black "Braeutigam, Katerina"]
[Result "1/2-1/2"]
[WhiteElo "2010"]
[BlackElo "1696"]
[PlyCount "92"]
[EventDate "2020.03.23"]
[EventType "swiss (blitz)"]
[EventRounds "9"]
[EventCountry "GER"]
[SourceTitle "CBM 195 Extra"]
[Source "ChessBase"]
[SourceDate "2020.05.31"]
[SourceVersion "1"]
[SourceVersionDate "2020.05.31"]
[SourceQuality "1"]

1. c4 Nf6 2. d3 e6 3. g3 d5 4. Nd2 b6 5. Bg2 Bb7 6. Nh3 c5 7. 0-0 Bd6 8. e3 0-0 9. f4 Nc6 10. Nf2 Nb4 11. Qb3 dxc4 12. Nxc4 Bxg2 13. Kxg2 Bc7 14. e4 Qd4 15. Be3 Qd7 16. Rad1 Qc6 17. Kg1 Rad8 18. a3 Na6 19. Qc3 Rd7 20. Rd2 Rfd8 21. Rfd1 Qb7 22. d4 Nxe4 23. Nxe4 Qxe4 24. dxc5 Rxd2 25. Rxd2 Nxc5 26. Rxd8+ Bxd8 27. Qd2 Qd5 28. Qc2 Bf6 29. b4 Nd7 30. Nd2 h6 31. Ne4 Bd4 32. Bxd4 Qxd4+ 33. Kg2 Nf6 34. Nxf6+ Qxf6 35. Qc8+ Kh7 36. Qc2+ g6 37. Qc7 Qb2+ 38. Kh3 Qf6 39. Qxa7 Qf5+ 40. Kg2 Qc2+ 41. Kf3 Qd3+ 42. Kg4 Qf5+ 43. Kf3 Qd3+ 44. Kg2 Qc2+ 45. Kh3 Qf5+ 46. Kg2 Qc2+ 1/2-1/2

[Event "GER-ch Net blitz qual4"]
[Site "Playchess.com INT"]
[Date "2020.03.23"]
[Round "4"]
[White "Janzen, Lars"]
[Black "Koch, Benjamin1111"]
[Result "1-0"]
[WhiteElo "2010"]
[BlackElo "1595"]
[PlyCount "74"]
[EventDate "2020.03.23"]
[EventType "swiss (blitz)"]
[EventRounds "9"]
[EventCountry "GER"]
[SourceTitle "CBM 195 Extra"]
[Source "ChessBase"]
[SourceDate "2020.05.31"]
[SourceVersion "1"]
[SourceVersionDate "2020.05.31"]
[SourceQuality "1"]

1. c4 e5 2. Nc3 d6 3. g3 Nf6 4. Bg2 Be7 5. d3 0-0 6. h4 Nc6 7. Nh3 Bxh3 8. Bxh3 d5 9. cxd5 Nxd5 10. Bd2 Bf6 11. a3 Qd6 12. Bg2 Nxc3 13. bxc3 Rab8 14. Qa4 Ne7 15. 0-0 Nd5 16. c4 Nb6 17. Qb3 e4 18. Bb4 Qe6 19. Bxf8 Bxa1 20. Rxa1 Kxf8 21. Bxe4 Rd8 22. Rb1 Qf6 23. Bxb7 Qe7 24. Qc2 Qc5 25. Bf3 Rd6 26. Rb5 Qxa3 27. c5 Rf6 28. cxb6 axb6 29. Qxc7 g6 30. Rd5 Qa1+ 31. Kg2 Qa3 32. Qe5 Re6 33. Qg5 Qe7 34. Qh6+ Kg8 35. Bg4 Rf6 36. f4 Qc7 37. Qg5 Rd6 1-0

[Event "GER-ch Net blitz qual4"]
[Site "Playchess.com INT"]
[Date "2020.03.23"]
[Round "2"]
[White "Janzen, Lars"]
[Black "Ruddat, Jarne"]
[Result "0-1"]
[WhiteElo "2010"]
[BlackElo "1385"]
[PlyCount "76"]
[EventDate "2020.03.23"]
[EventType "swiss (blitz)"]
[EventRounds "9"]
[EventCountry "GER"]
[SourceTitle "CBM 195 Extra"]
[Source "ChessBase"]
[SourceDate "2020.05.31"]
[SourceVersion "1"]
[SourceVersionDate "2020.05.31"]
[SourceQuality "1"]

1. c4 e5 2. g3 Nf6 3. Bg2 Bc5 4. e3 a6 5. d4 exd4 6. exd4 Ba7 7. Ne2 d6 8. 0-0 h5 9. h4 Nc6 10. Bg5 Bg4 11. Bxc6+ bxc6 12. Nbc3 Qd7 13. Re1 0-0-0 14. Bxf6 gxf6 15. Qd2 f5 16. Nf4 c5 17. d5 Bb6 18. Re3 Rhe8 19. Rd3 Ba5 20. a3 Qe7 21. b4 cxb4 22. axb4 Bxb4 23. Rxa6 Qe5 24. Qb2 Bxc3 25. Rxc3 Qe1+ 26. Kh2 Qf1 27. Ra8+ Kd7 28. Rxd8+ Kxd8 29. Qb8+ Kd7 30. Qb5+ Kd8 31. Qb2 Re1 32. Qb8+ Kd7 33. Qb5+ Ke7 34. Re3+ Rxe3 35. fxe3 Qf2+ 36. Ng2 Bf3 37. Qb2 Qxb2 38. g4 Qxg2# 0-1

[Event "GER-ch Net blitz qual3"]
[Site "Playchess.com INT"]
[Date "2020.03.21"]
[Round "9"]
[White "Janzen, Lars"]
[Black "Beesk, Kevin"]
[Result "0-1"]
[WhiteElo "2010"]
[BlackElo "1968"]
[PlyCount "192"]
[EventDate "2020.03.21"]
[EventType "swiss (blitz)"]
[EventRounds "9"]
[EventCountry "GER"]
[SourceTitle "CBM 195 Extra"]
[Source "ChessBase"]
[SourceDate "2020.05.31"]
[SourceVersion "1"]
[SourceVersionDate "2020.05.31"]
[SourceQuality "1"]

1. e4 c5 2. a3 Nc6 3. b4 cxb4 4. axb4 Nxb4 5. c3 Nc6 6. d4 d5 7. e5 Bf5 8. Bd3 Bxd3 9. Qxd3 e6 10. Ba3 Bxa3 11. Nxa3 a6 12. Ne2 Nge7 13. 0-0 0-0 14. f3 Rc8 15. Nc2 Na7 16. Ne3 Nb5 17. Rfc1 Qd7 18. g4 Rc7 19. Kg2 Rfc8 20. Kg3 f6 21. exf6 gxf6 22. f4 Nd6 23. Kf3 Nc4 24. Nxc4 Rxc4 25. Qe3 R8c7 26. Rg1 Kf7 27. h4 Nc8 28. h5 Nd6 29. Ra3 Ne4 30. h6 Qd6 31. Rb3 e5 32. fxe5 fxe5 33. Kg2 Qg6 34. Qf3+ Ke8 35. Qf5 Qxf5 36. gxf5 Nxc3 37. Nxc3 Rxc3 38. Rxc3 Rxc3 39. dxe5 Re3 40. e6 Re5 41. Rf1 d4 42. Rf3 d3 43. Rxd3 Rxf5 44. Rd7 b5 45. Rxh7 Rf6 46. e7 b4 47. Rh8+ Kxe7 48. h7 Rh6 49. Kg3 Kf7 50. Kg4 Kg7 51. Rb8 Kxh7 52. Rxb4 Rf6 53. Rb7+ Kg6 54. Ra7 Re6 55. Kf4 Kh5 56. Kf5 Rb6 57. Rh7+ Rh6 58. Ra7 Kh4 59. Ra8 a5 60. Kf4 Rh5 61. Rb8 Kh3 62. Rb1 Kg2 63. Ra1 Kf2 64. Kg4 Rd5 65. Ra2+ Ke3 66. Kg3 Rf5 67. Kg4 Re5 68. Kg3 Rg5+ 69. Kh4 Re5 70. Ra3+ Kd4 71. Ra4+ Kc3 72. Kg4 Kb3 73. Ra1 a4 74. Kf4 Rc5 75. Ke3 a3 76. Kd2 Kb2 77. Re1 Rd5+ 78. Ke3 Re5+ 79. Kf2 Rxe1 80. Kxe1 a2 81. Kd2 a1Q 82. Kd3 Qc1 83. Kd4 Kb3 84. Kd5 Kb4 85. Kd6 Kb5 86. Kd7 Kb6 87. Kd6 Qc5+ 88. Ke6 Qd4 89. Ke7 Kc6 90. Ke6 Qe4+ 91. Kf7 Kd6 92. Kg7 Qf5 93. Kg8 Qd7 94. Kh8 Ke6 95. Kg8 Kf6 96. Kh8 Qg7# 0-1

[Event "GER-ch Net blitz qual3"]
[Site "Playchess.com INT"]
[Date "2020.03.21"]
[Round "8"]
[White "Janzen, Lars"]
[Black "Kosovska, Olena"]
[Result "1-0"]
[WhiteElo "2010"]
[BlackElo "1881"]
[PlyCount "167"]
[EventDate "2020.03.21"]
[EventType "swiss (blitz)"]
[EventRounds "9"]
[EventCountry "GER"]
[SourceTitle "CBM 195 Extra"]
[Source "ChessBase"]
[SourceDate "2020.05.31"]
[SourceVersion "1"]
[SourceVersionDate "2020.05.31"]
[SourceQuality "1"]

1. c4 g6 2. Nc3 Bg7 3. b3 c5 4. Bb2 Nf6 5. Qc2 0-0 6. e3 d6 7. d4 cxd4 8. exd4 e5 9. d5 Bf5 10. Qd2 Nbd7 11. h3 Nc5 12. g4 Nfe4 13. Nxe4 Nxe4 14. Qe3 Qa5+ 15. Ke2 Bxg4+ 16. hxg4 f5 17. gxf5 gxf5 18. Nf3 Nf6 19. Qd2 Qb6 20. Bh3 Ng4 21. Bxg4 fxg4 22. Qe3 gxf3+ 23. Kd2 Qd8 24. Rag1 Qf6 25. Rg3 Qf4 26. Qxf4 Rxf4 27. c5 Rd8 28. c6 bxc6 29. dxc6 Rc8 30. Rc1 Kf7 31. c7 Bf6 32. Rc6 Ke7 33. Ba3 Rd4+ 34. Ke3 Kd7 35. Rc2 Rxc7 36. Rxc7+ Kxc7 37. Kxf3 Rd3+ 38. Kg2 Rxg3+ 39. Kxg3 Kc6 40. Kg4 d5 41. Kf5 Bh8 42. Ke6 d4 43. Bc1 d3 44. Bd2 Kc5 45. Kf5 Kd4 46. Ke6 e4 47. Kf5 Bg7 48. b4 Bf8 49. a4 Bd6 50. b5 Be7 51. a5 Bd8 52. b6 axb6 53. a6 b5 54. a7 Ba5 55. Bxa5 e3 56. fxe3+ Kxe3 57. a8Q Ke2 58. Qe4+ Kd1 59. Qxd3+ Kc1 60. Qd2+ Kb1 61. Qc3 b4 62. Qxb4+ Ka2 63. Qc3 h5 64. Qd2+ Kb3 65. Qb4+ Kc2 66. Bb6 h4 67. Be3 Kd3 68. Kf4 h3 69. Qd2+ Kc4 70. Qh2 Kd3 71. Qxh3 Kc4 72. Qe6+ Kd3 73. Qe4+ Kc3 74. Kf3 Kb3 75. Qd4 Kc2 76. Ke4 Kb3 77. Bd2 Kc2 78. Qc3+ Kd1 79. Qe3 Kc2 80. Kd4 Kb2 81. Qc3+ Ka2 82. Qb4 Ka1 83. Bc3+ Ka2 84. Qb2# 1-0

[Event "GER-ch Net blitz qual3"]
[Site "Playchess.com INT"]
[Date "2020.03.21"]
[Round "6"]
[White "Janzen, Lars"]
[Black "Mueller, Adrian"]
[Result "0-1"]
[WhiteElo "2010"]
[BlackElo "1975"]
[PlyCount "66"]
[EventDate "2020.03.21"]
[EventType "swiss (blitz)"]
[EventRounds "9"]
[EventCountry "GER"]
[SourceTitle "CBM 195 Extra"]
[Source "ChessBase"]
[SourceDate "2020.05.31"]
[SourceVersion "1"]
[SourceVersionDate "2020.05.31"]
[SourceQuality "1"]

1. c4 Nf6 2. g3 g6 3. Nc3 Bg7 4. d3 0-0 5. Bg2 Nc6 6. e3 e5 7. h4 h5 8. Nh3 d6 9. Ng5 Re8 10. 0-0 Bg4 11. f3 Bd7 12. Kh2 Nh7 13. Nxh7 Kxh7 14. Ne4 a6 15. c5 d5 16. Ng5+ Kg8 17. Qb3 Bc8 18. f4 Be6 19. Qxb7 Na5 20. Qb4 c6 21. Nxe6 fxe6 22. fxe5 Bxe5 23. d4 Qxh4+ 24. Kg1 Bxg3 25. Rf3 Nc4 26. Qb7 Rf8 27. b3 Qh2+ 28. Kf1 Rxf3+ 29. Ke2 Qxg2+ 30. Kd3 Qf1+ 31. Kc3 Be1+ 32. Kc2 Qe2+ 33. Kb1 Qd3# 0-1

[Event "Hamburg St Pauli op-A"]
[Site "Hamburg"]
[Date "2010.07.16"]
[Round "7"]
[White "Janzen, Lars"]
[Black "Joehnk, Christian"]
[Result "1-0"]
[WhiteElo "1834"]
[BlackElo "2037"]
[PlyCount "129"]
[EventDate "2010.07.10"]
[EventType "swiss"]
[EventRounds "9"]
[EventCountry "GER"]
[SourceTitle "EXT 2013"]
[Source "ChessBase"]
[SourceDate "2012.11.22"]
[SourceVersion "1"]
[SourceVersionDate "2012.11.22"]
[SourceQuality "1"]

1. e4 d5 2. exd5 Qxd5 3. Nc3 Qd6 4. Bc4 Nf6 5. Nge2 a6 6. d4 Qc6 7. Bb3 Qxg2 8. Rg1 Qxh2 9. Bf4 Qh5 10. Bxc7 Bg4 11. Qd3 e6 12. a3 Nbd7 13. Ng3 Qh2 14. Nce2 Bxe2 15. Kxe2 Rc8 16. Ba5 Bd6 17. Qf3 Bxg3 18. Rxg3 Qh5 19. Qxh5 Nxh5 20. Re3 0-0 21. c4 Nb8 22. Bb4 Rfd8 23. Bc3 Nc6 24. Re4 Nf6 25. Rf4 Ne7 26. Ba5 Ng6 27. Rxf6 gxf6 28. Ke3 Rd7 29. Bb6 Ra8 30. Ba4 Re7 31. b4 Nf8 32. Bc5 Rc7 33. Kd3 h6 34. Bd6 Rcc8 35. Bf4 Kg7 36. Rh1 b5 37. Bxh6+ Kg6 38. Bb3 bxc4+ 39. Bxc4 Rc6 40. Bd2 Nd7 41. Rg1+ Kf5 42. Ba2 Nb6 43. Ke2 e5 44. d5 Rd6 45. Bb1+ e4 46. f3 Ke5 47. fxe4 Kd4 48. Be3+ Kc3 49. Bc5 Nc4 50. Bd3 Rdd8 51. Rc1+ Kb2 52. Rxc4 Kxa3 53. Kd2 f5 54. b5+ Kb3 55. Rb4+ Ka3 56. bxa6 fxe4 57. Rxe4+ Kb2 58. Rb4+ Ka3 59. Rf4+ Kb3 60. Bc4+ Kb2 61. a7 Rd7 62. Kd3 Raxa7 63. Rf2+ Kb1 64. Rf1+ Kb2 65. Bd4+ 1-0